Normal view
MARC view
- Tahir Syn no. 1
Entry Personal Name
001 - CONTROL NUMBER
- control field: 47825
003 - CONTROL NUMBER IDENTIFIER
- control field: NUST
005 - DATE AND TIME OF LATEST TRANSACTION
- control field: 20210314133919.0
008 - FIXED-LENGTH DATA ELEMENTS
- fixed length control field: 210314|| aca||aabn | a|a d
040 ## - CATALOGING SOURCE
- Original cataloging agency: NUST
- Transcribing agency: NUST
100 ## - HEADING--PERSONAL NAME
- Personal name: Tahir Syn no. 1
670 ## - SOURCE DATA FOUND
- Source citation: Work cat.: (NUST): Tahir Syn no. 1, Computer Science (Structure Analysis), c2000.
